00636nam a2200205Ia 450000500170000000800410001702000150005804000180007304100080009108200210009910000230012024500600014325000120020326000580021530000290027365000350030265000340033765000310037165000280040220230707111129.0210716s2000 xx 000 0 und d a9812400583 cAIMIT LIBRARY aeng a004.65 21bMILM aMiller, Michael A. aData and network communications /cBy Michael A MIller. a1st ed. aNew Delhi :bVikas Publishing House Pvt Ltd ,c2000. axiii,522p. ;bPBc24 cm. aError detection and correction aOSI physical layer components aFiber optic communications aWireless communications